000 00291nam a22001217a 4500
008 181126b xxu||||| |||| 00| 0 eng d
041 _aeng
080 _23 th
_a610
100 _a3
101 _ashm
245 _aHealth Care Delivery In The United States
_cJonas.S
942 _2udc
_cBK
999 _c52468
_d52468